| 000 | 01140nam a2200253 a 4500 | ||
|---|---|---|---|
| 001 | 000043360 | ||
| 005 | 20201002040839.0 | ||
| 008 | 140311s2003 dr 000 0 spa d | ||
| 040 |
_aDO-SdBNP _bspa _cBNPHU |
||
| 082 |
_a266.023 _bS182L |
||
| 100 | 1 |
_aSalvador Mejía, José, _cAlexis _971014 |
|
| 245 | 1 | 3 |
_aEl llamado misionero de Cristo a la luz del magisterio latinoamericano : _b(Medellín, Puebla y Santo Domingo) / _cJosé Salvador Mejía. |
| 260 |
_aSanto Domingo : _b[s.n.], _c2003. |
||
| 300 |
_a392 p. ; _c21 cm. |
||
| 500 | _aIncluye datos biografícos del autor en la contracubierta. | ||
| 500 | _aTesis doctoral, Facultad de Teología de la Philosophis-Theologische Hochschule SVD ST. Agustín, asesorada por el prof. Dr. Joachim Piepke. | ||
| 504 | _aIncluye bibliografía y notas a pie de páginas. | ||
| 504 | _aBibliografía: p. 373-389. | ||
| 590 | _aInventariado, 2018/ YL | ||
| 650 | 4 |
_aMisiones _xIglesia católica _xHistoria _920306 |
|
| 650 | 4 |
_aEvangelización _xHistoria _971015 |
|
| 651 | 4 |
_aAmérica Latina _xHistoria _yDESCUBRIMIENTO Y CONQUISTA 1492-1503 _971016 |
|
| 910 | _aValidado. Control de calidad EMS | ||
| 999 |
_c42849 _d42849 |
||